000
00194 a2200097 4500
020
_a
042799304303
041
_a
eng
100
_a
Quattrockis,Carolyn
245
_a
The Magic Toy Shop
942
_c
BK
999
_c
31520
_d
31518